Statistics for Haritada Türkiye'ye Sınırı Olan Ülkeler

Click here to take the quiz!

General Stats

  • This quiz has been taken 5 257 times
  • The average score is 8 of 8

Answers on the Map

Answers color-coded by a green-red scale on the quiz's map according to % correct below.
 

Answer Stats

Sınır uzunluğuÜlke% Correct
822 kmSuriye
99%
206 kmYunanistan
99%
311 kmIrak
98%
499 kmİran
98%
240 kmBulgaristan
96%
268 kmErmenistan
96%
9 kmAzerbaycan
95%
252 kmGürcistan
95%

Score Distribution

Percentile by Number Answered

Percent of People with Each Score

Your Score History

You have not taken this quiz